Score 0/120 Timer 10:00
0 Plays Today
English Spanish % Correct
barbecuebarbacoa
80%
beansfrijoles
80%
cerealcereal
80%
chickenpollo
80%
alcoholalcohol
60%
almondsalmendras
60%
applemanzana
60%
avocadoaguacate
60%
bacontocino
60%
bechamel saucebechamel
60%
beefres
60%
beercerveza
60%
bill, checkcuenta
60%
brandyconac
60%
breadpan
60%
breakfastdesayuno
60%
broccolibrecol
60%
cabbagecol
60%
cauliflowercoliflor
60%
cheesequeso
60%
chocolatechocolate
60%
coffeecafe
60%
cilantrocilantro
60%
egghuevo
60%
addanadir
40%
anchovyanchoa
40%
bananaplatano
40%
boilhervir
40%
bonehueso
40%
bottlebotella
40%
bowltazon
40%
buttermantequilla
40%
cayenne pepperpimienta cayena
40%
cheesecaketarta de queso
40%
chick peasgarbanzos
40%
cidersidra
40%
coconutcoco
40%
coconut milkagua de coco
40%
creamcrema
40%
deliciousdelicioso
40%
English Spanish % Correct
fishpescado
40%
foodcomida
40%
french friespatatas fritas
40%
artichokealcachofa
20%
bakehornear
20%
baking powderlevadura
20%
black beanalubia negra
20%
blackberrymora
20%
bread stickcolin
20%
cakepastel
20%
canlata
20%
cannelonicanelones
20%
carrotzanahoria
20%
celeryapio
20%
chicken breastpechuga de pollo
20%
chicken drumstickmuslo de pollo
20%
chicken nuggetspepitas de pollo
20%
chillenfriar
20%
chivescebollinos
20%
codbacalao
20%
cold tomato soupgazpacho
20%
cook (the)cocinero
20%
cucumberpepino
20%
cuptaza
20%
cupcakemagdalena
20%
doughmasa
20%
drinkbeber
20%
drink (the)bebida
20%
forktenedor
20%
friedfrito
20%
asparagusesparrago
0%
basilalbahaca
0%
brothcaldo
0%
brushcepillar
0%
brussel sproutscoles de bruselas
0%
capersalcaparras
0%
casseroleestofado
0%
chestnutcastana
0%
choppicar
0%
cinnamoncanela
0%
English Spanish % Correct
clamsalmejas
0%
cleanlimpiar
0%
cloveclavo
0%
coatrebozar
0%
combinecombinar
0%
consistencyconsistencia
0%
cookcocinar
0%
cook (to)cocinar
0%
cooked hamjamon york
0%
cookiegalleta
0%
cornmaíz
0%
cornflakescopos de maíz
0%
covercubrir
0%
crabcangrejo
0%
cranberryarandano
0%
crispycrujiente
0%
cumincomino
0%
curdlecuajar
0%
cutcortar
0%
defrostdescongelar
0%
dessertpostre
0%
dilleneldo
0%
dinnercena
0%
dipsumergir
0%
dogfishcazon
0%
doughnutdonut
0%
drainescurrir
0%
drysecar
0%
duckpato
0%
eatcomer
0%
egg whiteclara de huevo
0%
eggplantberenjena
0%
emptyvaciar
0%
fennelhinojo
0%
fighigo
0%
fillingrelleno
0%
flattenaplastar
0%
flourharina
0%
folddoblar
0%
fridgefrigorífico
0%
Remove Ads.
Support Sporcle.
Get the best of Sporcle when you Go Orange. This ad-free experience offers more features, more stats, and more fun while also helping to support Sporcle. Thank you for becoming a member.

You're not logged in!

Compare scores with friends on all Sporcle quizzes.
OR
Log In

Sporcle TV

Today on Sporcle TV


Watch our educational content, quiz creation guides, and fun videos on Sporcle TV.

Show Comments

Extras

Top Quizzes Today


Score Distribution

Paid Content

Your Account Isn't Verified!

In order to create a playlist on Sporcle, you need to verify the email address you used during registration. Go to your Sporcle Settings to finish the process.

Report this User

Report this user for behavior that violates our Community Guidelines.

Details: